00358nam a2200145Ia 4500008004100000041000800041082001500049100004100064245002700105250000600132260004300138300001500181563000700196650000900203210707s1980 xx 000 0 und d aeng a536.7 KITT aKITTEL (Charles) & KROEMER (Herbert) aThermal physics. Ed 2. a2 aSan FranciscobW H Freeman & Co.c1980 axvii,473 p aHB aHeat